ბათუმის შოთა რუსთაველის სახელმწიფო უნივერსიტეტის ბიბლიოთეკა

Математический практикум по моделированию. (ბიბ.ჩანაწერი № 39040)

000 -LEADER
fixed length control field 00714nam a2200205Ia 4500
001 - CONTROL NUMBER
control field 5560
003 - CONTROL NUMBER IDENTIFIER
control field GE_BSU
008 - FIXED-LENGTH DATA ELEMENTS--GENERAL INFORMATION
fixed length control field 181216s||||||||xx |||||||||||||| ||und||
040 ## - CATALOGING SOURCE
Transcribing agency GE_BSU
080 ## - UNIVERSAL DECIMAL CLASSIFICATION NUMBER
Universal Decimal Classification number 51(075.8)
100 ## - MAIN ENTRY--PERSONAL NAME
Personal name Каченовский, М.И.
245 ## - TITLE STATEMENT
Title Математический практикум по моделированию.
245 ## - TITLE STATEMENT
Remainder of title Учебно-методич. пособие для студ.-заочников физ.-мат. фак-ов пед. ин-тов.
260 ## - PUBLICATION, DISTRIBUTION, ETC.
Place of publication, distribution, etc. Москва
260 ## - PUBLICATION, DISTRIBUTION, ETC.
Name of publisher, distributor, etc. Учпедгиз
260 ## - PUBLICATION, DISTRIBUTION, ETC.
Date of publication, distribution, etc. 1959
300 ## - PHYSICAL DESCRIPTION
Extent 189 с. 22 см.
653 ## - INDEX TERM--UNCONTROLLED
Uncontrolled term Математический практикум по моделированию.
942 ## - ADDED ENTRY ELEMENTS (KOHA)
Koha item type წიგნი
ეგზემპლარები
Withdrawn status Lost status Damaged status Not for loan Date acquired Barcode Date last seen Price effective from Koha item type Public note
        2018-12-17 16343 2018-12-17 2018-12-17 წიგნი დარბაზი